[4択] 首都を地図から当てる -ヨーロッパ- - Statistics

General Stats
  • This quiz has been taken 40 times
  • The average score is 15 of 20
Answer Stats
Hint Extra Hint Answer % Correct
説明 ポルトガル(リスボン)
92%
説明 イタリア(ローマ)
92%
説明 イギリス(ロンドン)
90%
説明 ウクライナ(キーウ)
90%
説明 ロシア(モスクワ)
90%
説明 ノルウェー(オスロ)
90%
説明 スペイン(マドリード)
85%
説明 フランス(パリ)
85%
説明 ドイツ(ベルリン)
79%
説明 デンマーク(コペンハーゲン)
74%
説明 オランダ(アムステルダム)
72%
説明 ハンガリー(ブダペスト)
69%
説明 ギリシャ(アテネ)
67%
説明 スイス(ベルン)
67%
説明 アイルランド(ダブリン)
64%
説明 チェコ(プラハ)
62%
説明 スウェーデン(ストックホルム)
59%
説明 ベルギー(ブリュッセル)
59%
説明 ポーランド(ワルシャワ)
51%
説明 オーストリア(ウィーン)
44%
No matching quizzes found
Score Distribution
Percent of People with Each Score
Percentile by Number Answered
Your Score History
You have not taken this quiz